Dactylographie_Lettre D - Statistiques

Statistiques générales
  • Ce quiz a été pris 1 410 fois
  • Le résultat moyen est 199 sur 450
Statistiques - réponses
Réponse % Correct
d
100%
d
100%
d
99%
d
99%
d
99%
d
99%
d
99%
d
99%
d
98%
d
98%
d
98%
d
98%
d
98%
d
98%
d
98%
d
97%
d
97%
d
97%
d
97%
d
97%
d
97%
d
97%
d
97%
d
96%
d
96%
d
96%
d
96%
d
96%
d
96%
d
95%
d
95%
d
95%
d
95%
d
95%
d
95%
d
95%
d
95%
d
95%
d
95%
d
95%
d
95%
d
95%
d
95%
d
94%
d
94%
d
94%
d
94%
d
94%
d
94%
d
94%
d
94%
d
94%
d
94%
d
94%
d
94%
d
94%
d
93%
d
93%
d
93%
d
93%
d
93%
d
93%
d
92%
d
92%
d
92%
d
92%
d
92%
d
91%
d
91%
d
91%
d
91%
d
90%
d
90%
d
90%
d
89%
d
89%
d
89%
d
89%
d
88%
d
88%
d
87%
d
86%
d
86%
d
86%
d
84%
d
82%
d
82%
d
81%
d
81%
d
80%
d
78%
d
76%
d
75%
d
74%
d
73%
d
71%
d
70%
d
68%
d
67%
d
65%
d
63%
d
62%
d
61%
d
59%
d
58%
d
57%
d
56%
d
55%
d
54%
d
52%
d
51%
d
50%
d
50%
d
49%
d
48%
d
47%
d
46%
d
46%
d
45%
d
44%
d
43%
d
43%
d
42%
d
42%
d
42%
d
41%
d
41%
d
40%
d
40%
d
40%
d
40%
d
40%
d
39%
d
39%
d
38%
d
38%
d
38%
d
37%
d
37%
d
37%
d
37%
d
37%
d
37%
d
36%
d
36%
d
36%
d
36%
d
36%
d
36%
d
35%
d
35%
d
35%
d
35%
d
35%
d
35%
d
35%
d
35%
d
35%
d
35%
d
35%
d
35%
d
35%
d
35%
d
35%
d
35%
d
35%
d
35%
d
35%
d
35%
d
35%
d
35%
d
34%
d
34%
d
34%
d
34%
d
34%
d
34%
d
34%
d
34%
d
34%
d
34%
d
34%
d
34%
d
34%
d
34%
d
34%
d
34%
d
34%
d
34%
d
34%
d
34%
d
34%
d
34%
d
34%
d
34%
d
34%
d
34%
d
34%
d
34%
d
34%
d
34%
d
34%
d
34%
d
34%
d
34%
d
34%
d
34%
d
34%
d
34%
d
33%
d
33%
d
33%
d
33%
d
33%
d
33%
d
33%
d
33%
d
33%
d
33%
d
33%
d
33%
d
33%
d
33%
d
33%
d
33%
d
33%
d
33%
d
33%
d
33%
d
33%
d
33%
d
33%
d
33%
d
33%
d
33%
d
33%
d
33%
d
33%
d
33%
d
33%
d
33%
d
33%
d
33%
d
33%
d
33%
d
33%
d
33%
d
33%
d
33%
d
33%
d
33%
d
33%
d
32%
d
32%
d
32%
d
32%
d
32%
d
32%
d
32%
d
32%
d
32%
d
32%
d
32%
d
32%
d
32%
d
32%
d
32%
d
32%
d
32%
d
32%
d
32%
d
32%
d
32%
d
32%
d
32%
d
32%
d
32%
d
31%
d
31%
d
31%
d
31%
d
31%
d
31%
d
31%
d
31%
d
31%
d
31%
d
31%
d
31%
d
31%
d
30%
d
30%
d
30%
d
30%
d
30%
d
30%
d
30%
d
30%
d
30%
d
30%
d
30%
d
30%
d
30%
d
30%
d
30%
d
30%
d
30%
d
30%
d
30%
d
30%
d
30%
d
30%
d
30%
d
30%
d
30%
d
30%
d
30%
d
30%
d
30%
d
30%
d
30%
d
30%
d
29%
d
29%
d
29%
d
29%
d
29%
d
29%
d
29%
d
29%
d
29%
d
29%
d
29%
d
29%
d
29%
d
29%
d
29%
d
29%
d
29%
d
28%
d
28%
d
28%
d
28%
d
28%
d
28%
d
28%
d
28%
d
28%
d
28%
d
27%
d
27%
d
27%
d
27%
d
27%
d
27%
d
27%
d
27%
d
27%
d
27%
d
27%
d
27%
d
27%
d
27%
d
27%
d
27%
d
27%
d
27%
d
27%
d
27%
d
27%
d
27%
d
27%
d
26%
d
26%
d
26%
d
26%
d
26%
d
26%
d
26%
d
26%
d
26%
d
26%
d
26%
d
26%
d
26%
d
26%
d
26%
d
26%
d
25%
d
25%
d
25%
d
25%
d
25%
d
25%
d
25%
d
24%
d
24%
d
24%
d
24%
d
24%
d
24%
d
24%
d
24%
d
24%
d
24%
d
23%
d
23%
d
23%
d
23%
d
23%
d
23%
d
23%
d
22%
d
22%
d
22%
d
21%
d
21%
d
21%
d
20%
d
20%
d
19%
d
19%
d
18%
d
18%
d
18%
d
18%
d
18%
d
17%
d
17%
d
17%
d
17%
d
17%
d
16%
d
15%
d
15%
d
15%
d
15%
d
14%
d
13%
d
12%
d
12%
d
10%
d
10%
d
9%
d
9%
d
9%
d
8%
d
8%
d
8%
d
8%
Aucun quiz correspondant
Distribution des résultats
% des personnes avec chaque résultat
Percentile par nombre de réponses
Votre historique - résultats
Vous n’avez pas pris ce quiz